LDR 00781naa#a2200181#i#450# 001 EN\\bibl\116362 005 20260430113649.4 011 ## _a1994-4683 100 ## _a20260429b2026####ek#y0engy0150####ca 102 ## _aRU 200 1# _aCorrelation between functional parameters and competitive performance in the 800-meter run among female athletes aged 12–14 years _eJournal article 210 1# _aMoscow _cNational State University of Physical Education, Sports and Health named after P.F. Lesgaft _d2026 215 ## _a7 с. 608 ## _aJournal article _2local 675 ## _aБег на средние дистанции (от 1000 до 10000 м), например,. 796.422.14 _z 700 #1 _aMalysheva _gKristina Dmitrievna 700 #1 _aVoroshin _gIgor' Nikolaevich 856 4# _auchzapiski.lesgaft.spb.ru _u